| 000 | 01075nam a2200361 a 4500 | ||
|---|---|---|---|
| 001 | 000114537 | ||
| 003 | CHAP | ||
| 005 | 20220329144445.0 | ||
| 008 | 180301s1982 sp a |r| |||0|||spa d | ||
| 010 | _a110998 | ||
| 011 | _a111970 | ||
| 020 | _a84-205-0684-2 (vol. IV) | ||
| 020 | _a8420506877 (obra completa) | ||
| 040 | _cCHAP | ||
| 082 | 0 | 4 |
_a540 _bE79 1982 |
| 100 | 1 |
_aEsteban, José M. _938284 |
|
| 245 | 1 | 0 |
_aIniciación al mundo científico, química / _cpor José M. Esteban y José L. Negro. |
| 250 | _a3 ed. | ||
| 260 |
_aMadrid : _bAlhambra, _c1982. |
||
| 300 |
_a466 p. : _bil. |
||
| 490 | 1 | _aProyecto MT-62 Alhambra | |
| 590 |
_aE11695DGD _b10 _c20180305 _lUCH01 _h1326 |
||
| 590 |
_aE6096MTM _b05 _c20180301 _lUCH01 _h1458 |
||
| 590 |
_aE6096MTM _b05 _c20180302 _lUCH01 _h0935 |
||
| 590 |
_aE6096MTM _b05 _c20180302 _lUCH01 _h0936 |
||
| 590 |
_aE6096MTM _b05 _c20180302 _lUCH01 _h1158 |
||
| 650 | 1 | 4 |
_aQuímica. _993552 |
| 700 | 1 |
_aNegro, José L. _980724 |
|
| 830 | 0 |
_aProyecto MT-62 Alhambra _9134597 |
|
| 901 | _aBK | ||
| 942 | _cLIBRO | ||
| 942 | _n0 | ||
| 999 |
_c110998 _d110998 |
||